| Поле | Название | Значение |
| |
Тип записи |
c |
| |
Библиографический уровень |
m |
| 001 |
Контрольный номер |
UONB/MAIN/e10b69dd71104294a95e41579e0799f5 |
| 005 |
Дата корректировки |
20240717145933.7 |
| 010 |
Индекс ISBN |
__ |
| d |
Цена |
10 к. |
| 9 |
Тираж |
1540 экз. |
| 036 |
Музыкальный инципит |
__ |
| t |
Литературный инципит |
Я пойду по полю белому... |
| 071 |
Издательские номер (звукозапись и ноты) |
21 |
| a |
Номер, присвоенный агентством |
2642 |
| 100 |
Данные общей обработки |
__ |
| a |
Данные общей обработки |
20230117d1965 u y0rusy0189 ca |
| 101 |
Язык документа |
0_ |
| a |
Язык текста |
rus |
| a |
Язык текста |
eng |
| f |
Язык титульного листа |
rus |
| 102 |
Страна публикации |
__ |
| a |
Страна публикации |
ru |
| 125 |
Кодированные данные звукозаписи и нотных изданий |
__ |
| a |
Форма изложения нотного текста |
с |
| 128 |
Кодированные данные (звукозаписи-физические характеристики) |
__ |
| a |
Кодированные данные: Музыкальная форма и тональность или лад |
li |
| c |
Инструменты или голоса, рекомендуемые для солистов (устаревшее) |
vb |
| 200 |
Заглавие и сведения об ответственности |
1_ |
| d |
Параллельное заглавие |
Song of a Girl (Field of the Dead) |
| a |
Заглавие |
Песня девушки (Мертвое поле) |
| e |
Сведения, относящиеся к заглавию |
из кантаты "Александр Невский" |
| e |
Сведения, относящиеся к заглавию |
для меццо-сопрано в сопровождении фортепиано |
| e |
Сведения, относящиеся к заглавию |
Op. 78 № 6 |
| f |
Первые сведения об ответственности |
С. Прокофьев |
| g |
Последующие сведения об ответственности |
слова В. Луговского и С. Прокофьева |
| g |
Последующие сведения об ответственности |
английский текст А. Стайгера |
| z |
Язык параллельного заглавия |
eng |
| 203 |
Вид содержания и тип средства |
__ |
| a |
Вид содержания |
Музыка |
| b |
Характеристика содержания |
знаковая |
| c |
Тип средства |
непосредственная |
| 210 |
Выходные данные |
1_ |
| a |
Место издания |
Москва |
| c |
Издательство |
Музыка |
| d |
Дата издания |
1965 |
| 215 |
Физическое описание |
__ |
| a |
Объем |
7 с. |
| d |
Формат |
29 см |
| 300 |
Общие примечания |
__ |
| a |
Общие примечания |
Текст на рус. и англ. яз. |
| 500 |
Унифицированное заглавие |
10 |
| a |
Унифицированное заглавие |
Александр Невский |
| 512 |
Заглавие обложки |
1_ |
| a |
Заглавие обложки |
Песня девушки |
| 517 |
Другие варианты заглавия |
1_ |
| a |
Другие варианты заглавия |
Мертвое поле |
| 606 |
Тематические рубрики |
0_ |
| x |
Основная подрубрика |
Меццо-сопрано |
| a |
Основная рубрика |
Сольное пение |
| 610 |
Ключевые слова |
0_ |
| a |
Ключевые слова |
сольное пение; меццо-сопрано; Прокофьев С. С. |
| 686 |
Индексы других классификаций |
__ |
| a |
Классификационный индекс |
85.943.2-42(2)я44 |
| 2 |
Код системы |
rubbk |
| 700 |
Автор |
_1 |
| a |
Фамилия |
Прокофьев |
| b |
Имя (инициалы) |
С. С. |
| g |
Полное личное имя |
Сергей Сергеевич |
| f |
Даты |
1891-1953 |
| 702 |
Вторичная интеллектуальная ответственность |
_1 |
| a |
Фамилия |
Луговский |
| b |
Имя (инициалы) |
В. |
| 4 |
Код отношения |
520 |
| 702 |
Вторичная интеллектуальная ответственность |
_1 |
| a |
Фамилия |
Прокофьев |
| b |
Имя (инициалы) |
С. |
| 4 |
Код отношения |
520 |
| 702 |
Вторичная интеллектуальная ответственность |
_1 |
| a |
Фамилия |
Стайгер |
| b |
Имя (инициалы) |
А. |
| 4 |
Код отношения |
730 |
| 790 |
Имя лица - альтернативная форма |
_1 |
| a |
Имя лица - альтернативная форма |
Prokofiev |
| b |
Имя (инициалы) |
S. |
| 801 |
Источник записи |
_0 |
| a |
Страна |
RU |
| b |
Организация |
Ульяновская ОНБ |
| c |
Дата составления |
20230117 |
| g |
Правила каталогизации |
RCR |
| 801 |
Источник записи |
_1 |
| a |
Страна |
RU |
| b |
Организация |
Ульяновская ОНБ |
| c |
Дата составления |
20230117 |
| g |
Правила каталогизации |
RCR |
| 901 |
Тип документа |
__ |
| t |
Тип документа |
m |
| 909 |
Создатель записи |
__ |
| a |
Создатель записи |
Грязнова И. Е. |